Statistics for 1970s Movie Quotes Quiz

Click here to take the quiz!

General Stats

  • This quiz has been taken 93 times
  • The average score is 9 of 15

Answer Stats

QuoteMovie% Correct
May the force be with you.Star Wars
96%
You're gonna need a bigger boat.Jaws
94%
I'm gonna make him an offer he can't refuse.The Godfather
94%
Yo, Adrian!Rocky
87%
You talkin' to me?Taxi Driver
85%
You've gotta ask yourself one question: “Do I feel lucky?” Well, do ya, punk?Dirty Harry
84%
I love the smell of napalm in the morning.Apocalypse Now
80%
I'm as mad as hell, and I'm not going to take this anymore!Network
56%
Forget it, Jake, it's _________.Chinatown
52%
Keep your friends close, but your enemies closer.The Godfather Part II
45%
He's not the Messiah. He's a very naughty boy!Life of Brian
41%
I was cured, all right!A Clockwork Orange
27%
Follow the money.All the President's Men
22%
Hold the chicken.Five Easy Pieces
10%
He'd kill us if he got the chance.The Conversation
6%

Score Distribution

Percentile by Number Answered

Percent of People with Each Score

Your Score History

You have not taken this quiz